<?xml version="1.0" encoding="UTF-8"?><?xml-stylesheet type="text/xsl" href="static/style.xsl"?><OAI-PMH xmlns="http://www.openarchives.org/OAI/2.0/" xmlns:xsi="http://www.w3.org/2001/XMLSchema-instance" xsi:schemaLocation="http://www.openarchives.org/OAI/2.0/ http://www.openarchives.org/OAI/2.0/OAI-PMH.xsd"><responseDate>2026-04-17T08:03:19Z</responseDate><request verb="GetRecord" identifier="oai:www.recercat.cat:2117/438840" metadataPrefix="marc">https://recercat.cat/oai/request</request><GetRecord><record><header><identifier>oai:recercat.cat:2117/438840</identifier><datestamp>2026-01-21T10:22:27Z</datestamp><setSpec>com_2072_1033</setSpec><setSpec>col_2072_452950</setSpec></header><metadata><record xmlns="http://www.loc.gov/MARC21/slim" xmlns:dcterms="http://purl.org/dc/terms/" xmlns:xsi="http://www.w3.org/2001/XMLSchema-instance" xmlns:doc="http://www.lyncode.com/xoai" xsi:schemaLocation="http://www.loc.gov/MARC21/slim http://www.loc.gov/standards/marcxml/schema/MARC21slim.xsd">
   <leader>00925njm 22002777a 4500</leader>
   <datafield ind2=" " ind1=" " tag="042">
      <subfield code="a">dc</subfield>
   </datafield>
   <datafield ind2=" " ind1=" " tag="720">
      <subfield code="a">Farhat, Saif</subfield>
      <subfield code="e">author</subfield>
   </datafield>
   <datafield ind2=" " ind1=" " tag="720">
      <subfield code="a">Bolster, Diogo</subfield>
      <subfield code="e">author</subfield>
   </datafield>
   <datafield ind2=" " ind1=" " tag="720">
      <subfield code="a">Solé Marí, Guillem</subfield>
      <subfield code="e">author</subfield>
   </datafield>
   <datafield ind2=" " ind1=" " tag="260">
      <subfield code="c">2025-02-14</subfield>
   </datafield>
   <datafield ind2=" " ind1=" " tag="520">
      <subfield code="a">We study the pore-scale transport of a conservative scalar forming an advancing mixing front, which can be re-interpreted to predict instantaneous mixing-limited bimolecular reactions. We investigate this using a set of two-dimensional, high-resolution numerical simulations within a poly-disperse granular porous medium, covering a wide range of Péclet (Pe) numbers. The aim is to show and exploit the direct link between pore-scale concentration gradients and mixing interface (midpoint concentration isocontour). We believe that such a perspective provides a complementary new lens to better understand mixing and spreading in porous media. We develop and validate a theoretical model that quantifies the temporal elongation of the mixing interface and the upscaled reaction kinetics in mixing-limited systems accounting for pore-scale concentration fluctuations. Contrary to the classical belief that, given sufficient time, pore-scale fluctuations would eventually be washed out, we show that for Pe>1 advection generates pore-scale concentration fluctuations more rapidly than they can be fully dissipated. For such Péclet numbers, once incomplete mixing is established, it will persist indefinitely. We identify critical Péclet thresholds (Pe=18 for Poiseuille flow, Pe=48 for porous media) where reaction efficiency is minimized. Finally, our developed model accurately reproduces the reaction product mass in a three-dimensional porous media column over a wide range of Péclet numbers, demonstrating its applicability to more realistic systems.</subfield>
   </datafield>
   <datafield ind2=" " ind1=" " tag="520">
      <subfield code="a">This research was funded by National Science Foundation Grant No. EAR2049688 and by the European Commission (MixUp, MSCA-101068306). The authors gratefully acknowledge the Center for Research Computing (CRC) at the University of Notre Dame for providing the computational resources used to conduct the simulations in this work.</subfield>
   </datafield>
   <datafield ind2=" " ind1=" " tag="520">
      <subfield code="a">Peer Reviewed</subfield>
   </datafield>
   <datafield ind2=" " ind1=" " tag="520">
      <subfield code="a">Postprint (author's final draft)</subfield>
   </datafield>
   <datafield tag="653" ind2=" " ind1=" ">
      <subfield code="a">Àrees temàtiques de la UPC::Matemàtiques i estadística::Anàlisi numèrica::Mètodes numèrics</subfield>
   </datafield>
   <datafield tag="653" ind2=" " ind1=" ">
      <subfield code="a">Chemical kinetics</subfield>
   </datafield>
   <datafield tag="653" ind2=" " ind1=" ">
      <subfield code="a">dynamics &amp; catalysis</subfield>
   </datafield>
   <datafield tag="653" ind2=" " ind1=" ">
      <subfield code="a">Contact line dynamics</subfield>
   </datafield>
   <datafield tag="653" ind2=" " ind1=" ">
      <subfield code="a">Convection in porous media</subfield>
   </datafield>
   <datafield tag="653" ind2=" " ind1=" ">
      <subfield code="a">Granular mixing</subfield>
   </datafield>
   <datafield tag="653" ind2=" " ind1=" ">
      <subfield code="a">Laminar flows</subfield>
   </datafield>
   <datafield tag="653" ind2=" " ind1=" ">
      <subfield code="a">Laminar reacting flows</subfield>
   </datafield>
   <datafield tag="653" ind2=" " ind1=" ">
      <subfield code="a">Microfluidics</subfield>
   </datafield>
   <datafield tag="653" ind2=" " ind1=" ">
      <subfield code="a">Mixing enhancement</subfield>
   </datafield>
   <datafield tag="653" ind2=" " ind1=" ">
      <subfield code="a">Mixing in geophysical flows</subfield>
   </datafield>
   <datafield tag="653" ind2=" " ind1=" ">
      <subfield code="a">Scaling laws of complex systems</subfield>
   </datafield>
   <datafield tag="653" ind2=" " ind1=" ">
      <subfield code="a">Shear flows</subfield>
   </datafield>
   <datafield tag="653" ind2=" " ind1=" ">
      <subfield code="a">Stratified geophysical flows</subfield>
   </datafield>
   <datafield ind2="0" ind1="0" tag="245">
      <subfield code="a">Linking mixing interface deformation to concentration gradients in porous media</subfield>
   </datafield>
</record></metadata></record></GetRecord></OAI-PMH>